Szczegóły MARC21

Tourism business frontiers : consumers, products and industry /

003 -Nazwa inst., której nr kontr. jest w polu 001 [,]
    • @
    • Nazwa instytucji, której n kontrolny jest w polu 001
    • NUKAT
005 -DATA I CZAS OSTATNIEJ MODYFIKACJI [,]
    • @
    • pole kontrolne
    • 20241231104847.0
020 -Międzynarod. znormalizowany nr książki - ISBN [ , ]
    • a
    • Numer ISBN
    • 0750663774 Find
040 -Instytucja sporządzająca opis [ , ]
    • a
    • Instytucja, która sporządziła opis (NP)
    • POZN U/GAWS
    • c
    • Instytucja, która sporządziła rekord (NP)
    • POZN U/AC
    • d
    • Instytucja, która zmodyfikowała rekord (P)
    • POZN U/HC
942 -Rodzaj dokumentu [ , ]
    • c
    • Rodzaj dokumentu
    • Książka
245 -Strefa tytułu i oznaczenia odpowiedzialności [0,0]
    • a
    • Tytuł
    • Tourism business frontiers : Find
    • b
    • Ciąg dalszy tytułu (NP)
    • consumers, products and industry / Find
    • c
    • Pozostałe elementy strefy tytułu i oznaczenia odpowiedzialności (NP)
    • ed. by Dimitrios Buhalis and Carlos Costa.
260 -Strefa adresu wydawniczego [ , ]
    • a
    • Miejsce wydania (P)
    • Amsterdam [et al.] ;
    • b
    • Nazwa wydawcy (P)
    • Elsevier Butterworth-Heinemann,
    • c
    • Data wydania (P)
    • 2006.
300 -Strefa opisu fizycznego [ , ]
    • a
    • Określenie formy książki i/lub objętość (NP)
    • XIX, [3], 273 s. :
    • b
    • Oznaczenie ilustracji (NP)
    • il. ;
    • c
    • Format (NP)
    • 24 cm.
336 -Typ zawartości [ , ]
    • a
    • Termin opisujący typ zawartości
    • Tekst
    • b
    • Kod określający zawartość
    • txt
    • 2
    • Źródło (terminu i kodu)
    • rdacontent
337 -Typ mediów [ , ]
    • a
    • Tryb odtwarzania
    • Bez urządzenia pośredniczącego
    • b
    • Kod typu mediów
    • n
    • 2
    • Źródło (terminu i kodu)
    • rdamedia
338 -Typ/rodzaj nośnika [ , ]
    • a
    • Hasło opisujące typ nośnika
    • Wolumin
    • b
    • Kod typu nośnika
    • nc
    • 2
    • Źródło (terminu i kodu)
    • rdacarrier
504 -Uwaga dot. bibliogr. załącznikowej [ , ]
    • a
    • Uwaga dot. bibliografii załącznikowej
    • Bibliogr. s. 247-266. Indeks.
080 -Uniwersalna Klasyfikacja Dziesiętna [ , ]
    • 2
    • Identyfikator wydania tablic
    • UDC-P058
    • 9
    • UKD
    • 3264
    • a
    • Symbol klasyfikacji
    • 338.48
    • b
    • Dopowiedzenie
    • Turystyka. Turyzm.
    • 4
    • UKD2
    • 7665
    • x
    • Poddział wspólny
    • (075.8)
    • c
    • Dopowiedzenie poddz. wspólnego
    • (Podręczniki dla szkół wyższych. Skrypty).
    • 4
    • UKD2
    • 7644
    • x
    • Poddział wspólny
    • =111
    • c
    • Dopowiedzenie poddz. wspólnego
    • =Język angielski.
650 -Hasło przedmiotowe [ ,7]
    • a
    • Hasło przedmiotowe
    • Turystyka
    • x
    • Określnik rzeczowy
    • prognozy.
    • 2
    • Źródło terminu
    • kaba
    • 9
    • KHW
    • 360642
650 -Hasło przedmiotowe [ ,7]
    • a
    • Hasło przedmiotowe
    • Turystyka.
    • 2
    • Źródło terminu
    • kaba
    • 9
    • KHW
    • 134055
980 -Symbol UKD [ , ]
    • a
    • UKD
    • 338.48(075.8)=111
700 -Hasło dodatkowe - nazwa osobowa [1, ]
    • a
    • Nazwa osobowa (NP)
    • Buhalis, Dimitrios. Find
    • e
    • Określenie rodzaju współpracy
    • Red.
    • 9
    • KHW
    • 43288
700 -Hasło dodatkowe - nazwa osobowa [1, ]
    • a
    • Nazwa osobowa (NP)
    • Costa, Carlos. Find
    • e
    • Określenie rodzaju współpracy
    • Red.
    • 9
    • KHW
    • 43289
920 -ISBN [ , ]
    • a
    • ISBN
    • 0-7506-6377-4 Find
Sygnatura Numer inwentarzowy Status udost. Lokalizacja Data inwentaryzacji Obwoluta
T.11964T.11964-2T2012-06-131